| 000 | 00644nam a2200229 4500 | ||
|---|---|---|---|
| 003 | EC-UNACH | ||
| 005 | 20250813104651.0 | ||
| 006 | s||||gr|||| 00| 00 | ||
| 008 | 150116t9999 mx r gr 000 0 spa d | ||
| 040 |
_aEC-UNACH _cEC-UNACH |
||
| 041 | _aspa | ||
| 082 | 0 | 4 |
_223 _a900 _bL017988 |
| 110 | _aBiblioteca Ecuatoriana Aurelio Espinosa Pólit | ||
| 245 |
_aQuito 1974 1/9 _bEnero - Febrero |
||
| 264 |
_aQuito - Ecuador _bDiario El Comercio _c2015 |
||
| 300 |
_a. _bCD _c12 x 14 cm |
||
| 505 | _a. | ||
| 942 |
_2ddc _c7 |
||
| 999 | _c13624 | ||